LEADER 03140nam a2200433 a 4500 001 000000077134 003 CaOOAMICUS 005 20120220130154.0 008 040120m18621885fr u000 u lat r 035 $a10981468 040 $aPUL(R)$bita 041 1 $alat$agrc 100 0 $aGregorius Nazianzenus,$cs., patr. di Costantinopoli,$dm. c. 389.$0(OLS)http://pul/name/84 245 14$aTou en aghiois patros emon Gregoriou tou Theologou, archiepiscopou Konstantinopoleos ta euriskomena panta =$bSancti Patris Nostri Gregorii Theologi... opera quae exstant omnia, ad. miss codices gallicanos... illustrata cura ... monachorum ordinis S. Benedicti... /$caccedunt variorum commentarii et scholia...Sancti Gregorii ; accurante et recognoscente J.-P. Migne. 246 31$aSancti Patris Nostri Gregorii Theologi...opera quae exstant omnia 260 $aParisiis :$bapud Garnier fratres editores et J.-P. Migne successores,$c1862-1885. 300 $a4 v. ;$c27 cm 490 1 $aPatrologiae cursus completus.$aSeries graeca ;$v35-36 490 1 $aPatrologiae cursus completus.$aSeries graeca prior ;$v38 490 1 $aPatrologiae cursus completus.$aSeries graeca posterior ;$v37 500 $aTesto su due colonne. 700 1 $aMigne, Jacques Paul,$csac.,$d1800-1875.$0(OLS)http://pul/name/4478 700 02$aGregorius Nazianzenus,$cs., patr. di Costantinopoli,$dm. c. 389.$tOpera omnia.$0(OLS)http://pul/nameTitle/527$0(OLS)http://pul/name/84$0(OLS)http://pul/title/2415 830 0$aPatrologiae cursus completus.$pSeries graeca ;$v35-36.$0(OLS)http://pul/title/101079 830 0$aPatrologiae cursus completus.$pSeries graeca prior ;$v38.$0(OLS)http://pul/title/101109 830 0$aPatrologiae cursus completus.$pSeries graeca posterior ;$v37.$0(OLS)http://pul/title/101121 850 $aPUL 852 $aPUL$W1$xSL Cons. Gen., Altre Classi 1$y1$m2002 A 1.35$j147772$nBK-PRI$av.1$qStampati$B99090$CPULBib$Z2$F99090 $82 852 $aPUL$W1$xSL Cons. Gen., Altre Classi 1$y1$m2002 A 1.36$j147773$nBK-PRI$av.2$qStampati$B99091$CPULBib$Z2$F99091 $82 852 $aPUL$W1$xSL Cons. Gen., Altre Classi 1$y1$m2002 A 1.37$j147774$nBK-PRI$av.3$qStampati$B99092$CPULBib$Z2$F99092 $82 852 $aPUL$W1$xSL Cons. Gen., Altre Classi 1$y1$m2002 A 1.38$j147775$nBK-PRI$av.4$qStampati$B99093$CPULBib$Z2$F99093 $82 900 $aGregorio Nazianzeno,$cs.,$dm. c. 389$984 900 $aGregorio di Nazianzo,$cs.,$dm. c. 389$984 900 $aGregorio Nazianzeno,$cs.,$dm. c. 389$984 900 $aGregorio di Nazianzo,$cs.,$dm. c. 389$984 941 1 $a8 996 $6246$aSancti Patris Nostri Gregorii Theologi...opera quae exstant omnia$9(OLS)http://pul/title/101120 996 $6245$aTou en aghiois patros emon Gregoriou tou Theologou, archiepiscopou Konstantinopoleos ta euriskomena panta =$bSancti Patris Nostri Gregorii Theologi... opera quae exstant omnia, ad. miss codices gallicanos... illustrata cura ... monachorum ordinis S. Benedicti...$9(OLS)http://pul/title/101119 996 $6260$aParisiis :$bapud Garnier fratres editores et J.-P. Migne successores$9(OLS)http://pul/publisher/54603 LEADER 01361nam a2200253 u 4500 001 000000077197 003 CaOOAMICUS 005 20070226123308.0 008 040122m18531855it u000 u ita u 035 $a10981774 040 $aPUL(R)$bita 100 1 $aMaringola, Luigi,$csac.$0(OLS)http://pul/name/16607 245 10$aDei vantaggi apportati dagli eclesiastici alle scienze lettere ed arti /$copera di Luigi Maringola.. 260 $aNapoli :$bdalla tipografia di R. Cannavacciuoli,$c1853-1855. 300 $a3 v. in 2 ;$c20 cm 504 $aBibliografia in nota. 650 4$aApologetica$xAutori cattolici.$0(OLS)http://pul/subject/3141 850 $aPUL 852 $aPUL$W1$xDP1 Antico 800$y27$m137 A 9-10$j99216$nBK-PRI$b $qStampati Antico$B99216$CPULBib$Z2$F99216 $H $81 852 $aPUL$W1$xDP1 Antico 800$y27$m137 A 9-10$j99216$nBK-PRI$b $qStampati Antico$B99217$CPULBib$Z2$F99217 $H $81 852 $aPUL$W1$xDP1 Antico 800$y27$m137 A 9-10$j99216$nBK-PRI$b $qStampati Antico$B99218$CPULBib$Z2$F99218 $H $81 941 1 $a15 996 $6245$aDei vantaggi apportati dagli eclesiastici alle scienze lettere ed arti$9(OLS)http://pul/title/101239 996 $6260$aNapoli :$bdalla tipografia di R. Cannavacciuoli$9(OLS)http://pul/publisher/74989